|
|
|
|
| LEADER |
00747nam a22001931 4500 |
| 001 |
c000006848 |
| 003 |
CARM |
| 005 |
00000000000000.0 |
| 008 |
s1956 nyu 0 eng d |
| 019 |
1 |
|
|a 4044893
|5 LACONCORD2021
|
| 035 |
|
|
|a (OCoLC)216671446
|5 LACONCORD2021
|
| 100 |
1 |
|
|a Kutner, Bernard.
|
| 245 |
1 |
0 |
|a Five hundred over sixty /
|c a community survey on aging by B.Kutner and others.
|
| 260 |
|
|
|a N.Y. :
|b Russell Sage Foundation,
|c 1956.
|
| 650 |
|
0 |
|a Older people
|z New York (N.Y.).
|
| 852 |
8 |
|
|b CARM
|h A2:AK33E0
|i C03673
|p 0193579
|f BK
|
| 082 |
0 |
4 |
|a 301.435
|
| 999 |
f |
f |
|i bc42173e-e879-52f7-a655-fba6a0e5f369
|s a557de47-0149-529d-99dd-759ab0fbe1b0
|
| 952 |
f |
f |
|p Can circulate
|a CAVAL
|b CAVAL
|c CAVAL
|d CARM 1 Store
|e C03673
|f A2:AK33E0
|h Other scheme
|i book
|m 0193579
|